000 00593nam a2200229Ia 4500
003 OSt
005 20221006164554.0
006 a|||||r|||| 00| 0
007 ta
008 221006b |||||||| |||| 00| 0 eng d
024 _a1,916
037 _cTextual
040 _aFML
_cFML
_beng
041 _2eng
_aeng
082 _aO111,6NPA,3, K4
100 _aPackard Vance Au.
_9677808
245 0 _aThe Naked Society
260 _aLondon
_bLongmans
_c1964
300 _a360
_ccm.
942 _hO111,6NPA,3, K4
_cTEXL
_2CC
999 _c1117718
_d1117718